47沖縄県の市町村(選択形式) - Statistics

General Stats
  • This quiz has been taken 27 times
  • The average score is 20 of 41
Answers on the Map
Answers color-coded by a green-red scale on the quiz's map according to % correct below.
 
Answer Stats
Answer % Correct
10:宮古島市
69%
19:金武町
69%
01:那覇市
62%
03:石垣市
62%
04:浦添市
62%
05:名護市
62%
12:国頭村
62%
15:今帰仁村
62%
33:南大東村
62%
40:竹富町
62%
07:沖縄市
54%
11:南城市
54%
16:本部町
54%
17:恩納村
54%
02:宜野湾市
46%
06:糸満市
46%
08:豊見城市
46%
09:うるま市
46%
14:東村
46%
18:宜野座村
46%
20:伊江村
46%
21:読谷村
46%
22:嘉手納町
46%
24:北中城村
46%
25:中城村
46%
26:西原町
46%
27:与那原町
46%
28:南風原町
46%
31:粟国村
46%
36:伊是名村
46%
37:久米島町
46%
38:八重瀬町
46%
39:多良間村
46%
41:与那国町
46%
13:大宜味村
38%
23:北谷町
38%
30:座間味村
38%
32:渡名喜村
38%
34:北大東村
38%
35:伊平屋村
38%
29:渡嘉敷村
31%
No matching quizzes found
Score Distribution
Percent of People with Each Score
Percentile by Number Answered
Your Score History
You have not taken this quiz